Sexual harassment at the workplace in Malaysia / (Record no. 153023)

MARC details
000 -LEADER
fixed length control field 01209cam a2200301 a 4500
001 - CONTROL NUMBER
control field vtls003249339
003 - CONTROL NUMBER IDENTIFIER
control field MY-SjTCS
005 - DATE AND TIME OF LATEST TRANSACTION
control field 20200226115735.0
008 - FIXED-LENGTH DATA ELEMENTS--GENERAL INFORMATION
fixed length control field 121218s2011 my bl 001 0 eng
020 ## - INTERNATIONAL STANDARD BOOK NUMBER
International Standard Book Number 9789839680973 (pbk.)
039 #9 - LEVEL OF BIBLIOGRAPHIC CONTROL AND CODING DETAIL [OBSOLETE]
Level of rules in bibliographic description 201303051352
Level of effort used to assign nonsubject heading access points pushpa
Level of effort used to assign subject headings 201302191134
Level of effort used to assign classification hanani
-- 201212181708
-- malathy
082 04 - DEWEY DECIMAL CLASSIFICATION NUMBER
Classification number 344.595014134
Item number ASH 2011
099 ## - LOCAL FREE-TEXT CALL NUMBER (OCLC)
Classification number MALAYSIANA
Feature heading 344.595014134
100 0# - MAIN ENTRY--PERSONAL NAME
Personal name Ashgar Ali Ali Mohamed.
9 (RLIN) 33970
245 10 - TITLE STATEMENT
Title Sexual harassment at the workplace in Malaysia /
Statement of responsibility, etc. Ashgar Ali Ali Mohamed, Muzaffar Syah Mallow, Farheen Baig Sardar Baig.
260 ## - PUBLICATION, DISTRIBUTION, ETC.
Place of publication, distribution, etc. Ampang :
Name of publisher, distributor, etc. CLJ Publication,
Date of publication, distribution, etc. 2011.
300 ## - PHYSICAL DESCRIPTION
Extent lxx, 590 p. ;
Dimensions 23 cm.
500 ## - GENERAL NOTE
General note "Table of cases": p. [xvii]-xlvi.
500 ## - GENERAL NOTE
General note "Table of legislation and statutes": p. [xlix]-lvi.
500 ## - GENERAL NOTE
General note "Table of foreign legislation": p. [lix]-lxiv.
500 ## - GENERAL NOTE
General note "Table of conventions and treaties": p. [lxvii]-lxx.
504 ## - BIBLIOGRAPHY, ETC. NOTE
Bibliography, etc. note Includes bibliographical references (p. [509]-[522]) and index.
650 #0 - SUBJECT ADDED ENTRY--TOPICAL TERM
Topical term or geographic name entry element Sexual harassment
General subdivision Law and legislation
Geographic subdivision Malaysia.
650 #0 - SUBJECT ADDED ENTRY--TOPICAL TERM
Topical term or geographic name entry element Practice of law
Geographic subdivision Malaysia.
700 0# - ADDED ENTRY--PERSONAL NAME
Personal name Muzaffar Syah Mallow.
700 1# - ADDED ENTRY--PERSONAL NAME
Personal name Baig, Farheen Baig Sardar.
920 ## - Programme
Programme SAM : 194290
Holdings
Withdrawn status Lost status Source of classification or shelving scheme Damaged status Not for loan Home library Current library Date acquired Cost, normal purchase price Total Checkouts Barcode Date last seen Date last checked out Copy number Uniform Resource Identifier Cost, replacement price Koha item type Public note
    Dewey Decimal Classification     Taylor's Library-TC Taylor's Library-TC 15/01/2013 130.00 3 5000138628 05/12/2019 24/10/2018 1 Floor 4, Shelf 38 , Side 2, TierNo 3, BayNo 4 130.00 Main Collection SAMxx,01000,03,CL